Documento firmado por Don Antonio Velázquez (Record no. 4887)

MARC details
000 -CABECERA
campo de control de longitud fija 01396nam a2200313 a 4500
001 - NÚMERO DE CONTROL
campo de control BRCA_5193
005 - FECHA Y HORA DE LA ÚLTIMA TRANSACCIÓN
campo de control 20190320204958.0
008 - DATOS DE LONGITUD FIJA--INFORMACIÓN GENERAL
campo de control de longitud fija 251110s1799----mx-######v---#000-0#spa-#
041 ## - CÓDIGO DE LENGUA
Código de lengua del texto/banda sonora o título independiente spa
044 ## - CÓDIGO DEL PAÍS DE LA ENTIDAD EDITORA/PRODUCTORA
Código MARC del país mx
084 ## - OTRO NÚMERO DE CLASIFICACIÓN
Número de clasificación DOC119C
Número de documento/Ítem .V45
-- 1799
100 1# - ENTRADA PRINCIPAL--NOMBRE DE PERSONA
Nombre de persona Velázquez, Antonio
9 (RLIN) 13296
245 10 - MENCIÓN DE TÍTULO
Título Documento firmado por Don Antonio Velázquez
Mención de responsabilidad, etc. Antonio Velázquez ; José del Mazo y Avilés.
260 ## - PUBLICACIÓN, DISTRIBUCIÓN, ETC.
Lugar de publicación, distribución, etc. México
Fecha de publicación, distribución, etc. 1799
300 ## - DESCRIPCIÓN FÍSICA
Extensión [3] fojas
Dimensiones 30 x 21 cm.
500 ## - NOTA GENERAL
Nota general Documento firmado el 22 de agosto de 1799.
500 ## - NOTA GENERAL
Nota general Documento con la firma del Director de Arquitectura de la Real Academia de San Carlos de la Nueva España, Antonio Velázquez y el Académico del mismo José del Mazo y Avilés en un certificado de avalúo de una casa en la calle de Don Juan Manuel.
500 ## - NOTA GENERAL
Nota general El documento contiene la leyenda DOC. #286.
500 ## - NOTA GENERAL
Nota general Papel con marca de agua.
500 ## - NOTA GENERAL
Nota general Estado de conservación: contiene algunas manchas por acidez.
506 0# - NOTA DE RESTRICCIONES AL ACCESO
Limitaciones de acceso Fondo Reservado. Para su consulta es necesario credencial de usuario y carta de motivos.
546 ## - NOTA DE LENGUA/LENGUAJE
Nota de lengua/lenguaje Texto en: Español de finales del siglo XVIII.
600 14 - PUNTO DE ACCESO ADICIONAL DE MATERIA--NOMBRE DE PERSONA
Nombre de persona Velázquez, Antonio
Subdivisión general Historia
9 (RLIN) 13297
650 14 - PUNTO DE ACCESO ADICIONAL DE MATERIA--TÉRMINO DE MATERIA
Término de materia o nombre geográfico como elemento de entrada Documentos legales
Subdivisión de forma Manuscritos
Subdivisión general Historia
9 (RLIN) 12814
651 #4 - PUNTO DE ACCESO ADICIONAL DE MATERIA--NOMBRE GEOGRÁFICO
Nombre geográfico México
Subdivisión general Historia
Subdivisión cronológica Colonia, 1521-1821
9 (RLIN) 12461
700 1# - PUNTO DE ACCESO ADICIONAL--NOMBRE DE PERSONA
Nombre de persona Mazo y Avilés, José del
9 (RLIN) 13298
902 ## - CATALOGADOR
Iniciales FDH
942 ## - ELEMENTOS DE PUNTO DE ACCESO ADICIONAL (KOHA)
Fuente del sistema de clasificación o colocación Library of Congress Classification
Tipo de ítem Koha Documentos
Holdings
Estado de retiro Estado de pérdida Estado dañado No para préstamo Localización permanente Ubicación/localización actual Fecha de adquisición Total de préstamos Signatura topográfica completa Código de barras Fecha visto por última vez Precio válido a partir de Tipo de ítem Koha
El ejemplar forma parte de la colección y puede ser consultado según las políticas vigentes.       Biblioteca del Museo Franz Mayer (Rogerio Casas-Alatriste) Biblioteca del Museo Franz Mayer (Rogerio Casas-Alatriste) 25/11/2010   DOC119C .V45 1799 5628 22/03/2019 22/03/2019 Documentos